000
00318nam a22001457a 4500
003
SGT
020
_a
978-93-84007-62-1
082
_a
612.3
_b
N15M
100
_a
MITCHELL, MARY KAY
245
_a
NUTRITION ACROSS THE LIFE SPAN
250
_a
2ND
260
_a
INDIA
_b
MEDTECH
_c
2015
300
_a
608
942
_2
ddc
_c
BK
999
_c
15868
_d
15868